| 000 | 00646cam a2200229 4500500 | ||
|---|---|---|---|
| 005 | 20260405003316.0 | ||
| 041 | _afre | ||
| 042 | _adc | ||
| 100 | 1 | 0 |
_aPortevin, Catherine _eauthor |
| 245 | 0 | 0 | _aUne théologie laïque ? |
| 260 | _c2021. | ||
| 500 | _a51 | ||
| 690 | _aJaurès | ||
| 690 | _aJean Jaurès | ||
| 690 | _aLaïcité | ||
| 690 | _aSacré | ||
| 690 | _aSocialisme | ||
| 690 | _aThéologie | ||
| 690 | _aVincent Peillon | ||
| 786 | 0 | _nPhilosophie magazine | 150 | 6 | 2021-06-01 | p. 84-84 | 1951-1787 | |
| 856 | 4 | 1 | _uhttps://shs.cairn.info/magazine-philosophie-magazine-2021-6-page-84?lang=fr&redirect-ssocas=7080 |
| 999 |
_c2066355 _d2066355 |
||